01636cam a2200397 a 4500999001900000001000800019003000500027005001700032008004100049010001700090020001500107035002000122040001800142042001400160043001200174050002000186082001000206100002400216245011300240260005500353300002800408440005300436500005400489500015500543504005200698650004000750650003700790650003900827700002600866710007000892710007200962710005201034906004501086942001201131952009501143 c232702d2327023527727Nust20170222155548.0960620s1996 dcua b f000 0 eng d a 96060936  a0309060036 a(OCoLC)35618362 aWaUcWaUdDLC alccopycat an-us---00aHE355b.W5 1996 aHE3551 aWilliams, Kristine.10aLand development regulations that promote access management /cKristine M. Williams and J. Richard Forester. aWashington, D.C. :bNational Academy Press,c1996. a45 p. :bill. ;c28 cm. 0aSynthesis of highway practice,x0547-5570 ;v233 a"Transportation Research Board, National Research a"Research sponsored by the American Association of State Highway and Transportation Officials in cooperation with the Federal Highway Administration." aIncludes bibliographical references (p. 35-38). 0aTraffic engineeringzUnited States. 0aHighway planningzUnited States. 0aLand usezUnited StatesxPlanning.1 aForester, J. Richard.2 aNational Research Council (U.S.).bTransportation Research Board.2 aAmerican Association of State Highway and Transportation Officials.1 aUnited States.bFederal Highway Administration. a7bcbcccopycatd2eopcnf19gy-gencatlg 2ddccBK 00102ddc4070aNITbNITd2017-02-22l0oHE355 WILpNIT-11045r2017-02-22w2017-02-22yBK